00399nam a2200193Ia 4500003000900000008004100009040001300050040001300063041000800076100001800084245001800102250001200120260001500132260000900147300001100156300001000167490000600177600002200183IT-RoPAU120407s9999 xx 000 0 und d aIT-RoPAU cIT-RoPAU aita aLucien Febvre aMartin Lutero aFirenze aG. Barbera c1949 a260 p. c20 cm v1 a1. Lutero, Martin